00502nam a22001817a 450000500170000001000480001702000260006503500140009103500170010503700190012203700130014108200060015410000240016024500460018426000310023027000380026130000210029920180618112544.0 a1718EN-30 ENG-121686 B-686472-475 a9789380816760c150.00 aEN-105218 aB-686472-475 bStar Pub.adpl bDBAD/PUB aN aDoyle, Arthur Conan aThe lost world / cby Arthur Conan Doyle  aNoida bMaple Press c2017 aA-63, Sector-58, bNoida e201301 a272p.c21cm(pbk)